MDQL
is popping MORE tags! Check the
thread
!
Quizzes
Events
Quiz Creation
Community
Videos
Private Events
Remove Ads
Sign In
Join for FREE
Feedback
Dark Mode
Quiz Categories
Sports
Geography
Music
Movies
Television
Just For Fun
Miscellaneous
History
Literature
Language
Science
Gaming
Entertainment
Religion
Holiday
For Kids
Quiz Lab
Recent
Popular Today
Quiz Kudos Today
Editor Picks
Curator Picks
Quizzes by...
Day
Popularity
Type
Ratings
Length
Year
Community
Subscriptions
Recent Discussions
Orange Saloon
Badges
Playlists
Quests
Create
Leaderboards
Showdown
Live 5
Trivia Bingo
Activity
Puzzle Library
Sporcle Events
Private Events
Virtual Trivia
Globe League
Become a Host
Pub Owners
SporcleCon
Opinionation
Our Games
Videos
Blog
Mobile Apps
Partnerships
Remove Ads and Go Orange
Feedback
Language
Vocabulary
Begins and Ends
Definition
Spanish
French
German
Italian
Chinese
Latin
Translation
Japanese
Language
Vocabulary
Begins and Ends
Definition
Spanish
French
German
Italian
Chinese
Latin
Translation
Japanese
Random Quiz
Search Sporcle
×
Quiz Lab
Quiz Lab
Language
pronoun
Type in answers that appear in a list
Type in answers that appear in a list
Classic
Best Score? Go Orange.
Vacanze e ferie Stats
Can you name the vacanze e ferie? NO SUBJ PRONOUNS
By
pjbitalia
10m
25 Questions
32 Plays
32 Plays
32 Plays
Comments
Comments
Give Quiz Kudos
Give Quiz Kudos
-
- Ratings
hide this ad
Replay
Link that replays current quiz
Next Quiz
Link to next quiz in quiz playlist
You Got
0%
They Got
Avg Score
43%
Avg Friend Score
Upgrade to see
Score Distribution
Jump to the score distribution portion of the page
Score
0/25
Timer
10:00
0
Plays Today
Hint
Answer
% Correct
I sunbathe
prendo il sole
90.6%
by car
in macchina
56.3%
I travel
viaggio
53.1%
on a cruise
in crociera
53.1%
to the beach
al mare
50%
on the mountains
in montagna
50%
a passport
un passaporto
46.9%
the hostel
l' ostello
46.9%
the lake
il lago
46.9%
the luggage
il bagaglio
46.9%
we go by train
andiamo in treno
43.8%
a tent
una tenda
43.8%
by plane
in aereo
43.8%
Hint
Answer
% Correct
to the lake
al lago
43.8%
She takes a trip
fa un viaggio
37.5%
he takes a trip
fa un viaggio
37.5%
the suitase
la valigia
37.5%
the sleeping bag
il sacco a pelo
37.5%
the country
la campagna
34.4%
the inn
la pensione
34.4%
the country
la campagna
34.4%
you go by bus
vai in autobus
31.3%
i go by boat
vado in barca
28.1%
paid vacation
le ferie
25%
the hotel
l' albergo
21.9%
Quiz Playlist
Details
Report
Send in Message
Add To Playlist
Classic:
Type in answers that appear in a list
Last Updated: Sep 17, 2019
Quiz Scoreboard
CHALLENGE
Sign Up to Join the Scoreboard
Show All
Scores
Hide
Comments
May contain spoilers
Recently Published
1-10 Letter E Words III
by El_Dandy
Language
2m
Street Fighter Characters
by Artimus82
Gaming
60s
College Basketball Coaching Resumes
by pancakes188
Sports
9m
More to Explore
Quiz From the Vault
Featured Blog Post
Where Did the Easter Bunny Come From?
hide this ad
You Might Also Like...
Tags
pronoun
Today's Top Quizzes in Language
Browse Language
hide this ad
Today's Top Quizzes in pronoun
Browse pronoun
Top Contributed Quizzes in Language
1
1-10 Letter F Words III
2
1-10 Letter G Words III
3
1-10 Letter H Words III
4
Celtic Nations in their Language
5
Alphabetize! : 'As' words
6
1-10 Letter I Words III
7
One Thing in Common: Italy
8
1-10 Letter J Words III
9
Order Up: Top 10 Most Native Spoken Languages
10
Weisst du, aus welchen Sprachen diese Wörter stammen?
Explore More
Trending Topics
Crossword
Kpop
Anime
NBA
Marvel
Harry Potter
Disney
WWE
Song
Puzzle
Soccer
The Office
Country
NFL
Pokémon
hide this ad
More By:
pjbitalia
Quiz
Plays
Rating
Category
Featured
Created
Il futuro (italiano)
335
5.00
Language
Dec 17, 2015
Singolare a Plurale
177
Language
Oct 6, 2016
Eccoci Vacanze (first list)
145
Language
Sep 13, 2017
Vacanze (multiple choice)
129
Language
Sep 27, 2016
Verbi -ARE
120
Language
Feb 11, 2019
Go to Creator's Profile
Score Distribution
Quiz Creator Spotlight
pjbitalia
Follow
Send a Message
Quizzes Created
-
Created Quiz Play Count
-
More By This Creator
Popular Quizzes Today
1
Find the US States - No Outlines Minefield
2
Find the Countries of Europe - No Outlines Minefield
3
The Countries of the World
4
Find the US States
5
Risky Map Clicking: Biggest States A-Z
6
US States
7
Popular People in 1961
8
Movies - When Are They Set?
More Language Quizzes
Words that Rhyme with Hand
Quiz Lab
Trending Quizzes
Risky Map Clicking: Least Populous States A-Z
1-10 Letter G Words
USA Borders Longest to Shortest
1-10 Letter F Words
Countries of the World: 200 Million BC
Recently Updated
Leaping Animals
pecheneg
Reality TV Shows (A-Z)
bhenderson79
Rickey Henderson's Hall of Fame Teammates
pecheneg
Champions League XIs: Arsenal
pecheneg
Quick Pick: Celebrities in WWE's Hall of Fame
aduchscher
A-Z Keypad Blitz II
pecheneg
Multiple Oscar Actors
pecheneg
Mystery Phrase Blitz: Oscar 'Best Actors'
pecheneg
F. Scott Fitzgerald Novels
LTH
Pick 3 Villains
ddd62291
Trending Topics
Crossword
Anime
Disney
Kpop
Harry Potter
Marvel
NBA
NFL
The Office
Soccer
Country
Puzzle
Pokémon
WWE
Song
Your Account Isn't Verified!
In order to create a playlist on Sporcle, you need to verify the email address you used during registration. Go to your
Sporcle Settings
to finish the process.
Report this User
Report this user for behavior that violates our
Community Guidelines
.
Details:
Send Report
Go to the Sporcle.com Mobile Site →
Comments